Zdravotníci sa konečne dočkali koncepcie reformy rezortu
Ministerstvo zdravotníctva predložilo na rokovanie vlády prvý scenár reformy zdravotníctva na Slovensku. Analýza súčasného stavu, vízia ministerstva, globálne ciele reformy, systémové opatrenia a ich realizácia. Zvýšenie verejných zdrojov a nárast podielu súkromných zdrojov vo výdavkoch na zdravotní...
Salvato in:
| Autore principale: | |
|---|---|
| Natura: | Capitolo di libro |
| Lingua: | slovacco |
| Soggetti: | |
| Tags: |
Nessun Tag, puoi essere il primo ad aggiungerne!!
|
MARC
| LEADER | 00000naa a2200000 4500 | ||
|---|---|---|---|
| 001 | r040693 | ||
| 005 | 20230921111115.0 | ||
| 041 | 0 | |a slo | |
| 044 | |a SK | ||
| 245 | 1 | 0 | |a Zdravotníci sa konečne dočkali koncepcie reformy rezortu |c Milan Velecký |
| 520 | |a Ministerstvo zdravotníctva predložilo na rokovanie vlády prvý scenár reformy zdravotníctva na Slovensku. Analýza súčasného stavu, vízia ministerstva, globálne ciele reformy, systémové opatrenia a ich realizácia. Zvýšenie verejných zdrojov a nárast podielu súkromných zdrojov vo výdavkoch na zdravotníctvo. Nejasnosti v súkromných zdrojoch. Racionalizácia vnútri systému poskytovania zdravotnej starostlivosti. Zmeny vo výdavkoch. | ||
| 610 | 2 | 0 | |a zdravotníctvo |
| 610 | 2 | 0 | |a starostlivosť zdravotná |
| 610 | 2 | 0 | |a reformy |
| 610 | 2 | 0 | |a zdroje finančné cudzie |
| 610 | 2 | 0 | |a zdroje finančné vlastné |
| 610 | 2 | 0 | |a poistenie zdravotné |
| 610 | 2 | 0 | |a výdavky |
| 610 | 2 | 0 | |a Slovensko |
| 610 | 2 | 0 | |a 2001 |
| 100 | 1 | |a Velecký, Milan | |